000 00592nam a2200229Ia 4500
003 OSt
005 20240504085932.0
008 210329s9999||||xx |||||||||||||| ||und||
020 _a8175540850
040 _cSTCPL
041 _aENG
082 _a070.43
_bPAT-H
100 _aForsyth, Patrick
245 0 _aHow to be better at writing reports and proposals /
_cby Patrick Forsyth
260 _aNew Delhi :
_bThe Industrial Society ,
_c1998 .
300 _a120 p.
_bPB
650 _aBusiness writing
650 _aReport
650 _aPower of language
942 _cBK
942 _2ddc
999 _c45604
_d45604